| 000 | 00376cam a2200157ua 4500 | ||
|---|---|---|---|
| 003 | OSt | ||
| 008 | 241223b |||||||| |||| 00| 0 eng d | ||
| 041 | _aeng | ||
| 082 |
_a621.3132 _bGRE/DE |
||
| 100 |
_aGreenwood, L . _96548 |
||
| 245 | _aDesign of direct current machines / | ||
| 250 | _a1 / | ||
| 260 |
_aLondon : _bMcDonald , _c1999. |
||
| 300 | _a222 ; . | ||
| 942 | _cBK | ||
| 999 |
_c8737 _d8737 |
||